Balance electoral de Colombia 2010

Detalles Bibliográficos
Autor principal: Basset, Yann
Formato: Libro
Lenguaje:español
Publicado: Colombia Editorial Universidad de Rosario (Colombia) 2012
Materias:
Acceso en línea:Acceso restringido

MARC

LEADER 00000nam a22000007a 4500
005 20151217104054.0
007 cr|||| ||u|
008 151217s2012 ck ||||| |||| 00| 0 spa d
020 |a 978-958-738-237-2 
035 |a 12974 
040 |a vLex 
090 |c 5744  |d 5744 
100 1 |a Basset, Yann  
245 1 0 |a Balance electoral de Colombia 2010  |h [Recurso electrn̤ico] /  |c Yann Basset  
256 |a Servicio en ln̕ea  
260 |a Colombia   |b Editorial Universidad de Rosario (Colombia)  |c 2012 
300 |a 1 recurso electrn̤ico (241 Pg̀inas.) 
506 1 |a Contenido solo disponible en los productos indicados  |d vLex Global  |d vLex Global (Academic Edition, excluding Law Schools)  |d vLex Global (U.S. Academic Edition, Law Schools)  |d vLex Global (U.S. Academic Edition, excluding Law Schools)  |d vLex Global (Academic Edition, Law Schools) 
650 0 4 |a Elecciones  |z Colombia 
740 0 |a vLex libros (servicio en ln̕ea) 
856 4 0 |u http://vlex.com/source/balance-electoral-colombia-2010-12974  |z Acceso restringido 
942 |c BOOK 
999 0 |a Elections